| 000 | 00670nam a2200205Ii 4500 | ||
|---|---|---|---|
| 003 | JO-AjNU | ||
| 008 | 230605s9999||||xx |||||||||||||| ||und|| | ||
| 020 | _a4691 | ||
| 040 |
_aJO-AjNU _bara _erda _cJO-AjNU |
||
| 041 | _aara | ||
| 050 | 1 | 4 | _aQH541.2 1981 |
| 100 | 3 |
_aحسين، منصور / م مشارك كرم حبيب , _eauthor _940501 |
|
| 245 | 0 | 0 | _aدليل الدراسات البئية في اطار التعليم الاساسي |
| 264 | 3 | 1 | _aالفجاله:مكتبة الوعي ، 1981 |
| 300 | _a97ص | ||
| 336 |
_atext _btxt _2rdacontent |
||
| 337 |
_aunmediated _bn _2rdamedia |
||
| 338 |
_avolume _bnc _2rdacarrier |
||
| 650 | 4 |
_aالبيئه _940502 |
|
| 999 |
_aA17193 _c20761 _d20761 |
||